000 00836nam a2200253Ia 4500
003 OSt
005 20221002044010.0
006 a|||||r|||| 00| 0
007 ta
008 220930b |||||||| |||| 00| 0 eng d
020 _a8173051607 (hbk)
_c1800
024 _a86814
037 _b9659, 20/03/2007, Aryan Books International
_cReference Collections
040 _aCRL
_cCRL
_beng
041 _2eng
_aeng
082 _aNQ447, N8(RR)
100 _aGoswamy Karuna
_9568917
245 0 _aKashmiri Painting
_bassimilation and diffusion; production and patronage
260 _aNew Delhi
_bAryan Books International
_c1998
300 _axviii,179p
_ccm.
650 _aARTS
942 _hNQ447, N8(RR)
_cref
_2CC
999 _c909358
_d909358